| 000 | 00643nam a2200265Ia 4500 | ||
|---|---|---|---|
| 003 | OSt | ||
| 005 | 20250313143249.0 | ||
| 008 | 210210b1937 xxu||||| |||| 00| 0 eng d | ||
| 040 | _cAL | ||
| 041 | _aeng | ||
| 082 | _a825/989 | ||
| 100 |
_aDARBISHIRE _9206069 |
||
| 245 | _aEssays and studies Vol 22 1937 | ||
| 260 |
_aOxford _bAt the Clarendon Press _c1937 |
||
| 440 |
_a22 _9206070 |
||
| 650 |
_aVol _9206071 |
||
| 650 |
_astudies _9206072 |
||
| 650 |
_aEssays _9206073 |
||
| 650 |
_aand _9206074 |
||
| 650 |
_a22 _9206075 |
||
| 650 |
_a1937 _9206076 |
||
| 690 |
_aEnglish Criticism _9206077 |
||
| 906 | _a015305 | ||
| 942 |
_2ddc _cBK |
||
| 999 |
_c134654 _d134654 |
||